| 000 | 00334nam a22001337a 4500 | ||
|---|---|---|---|
| 020 | _a9781118314043 | ||
| 082 | _a302.23 LAN | ||
| 100 | _aLankow, Jason | ||
| 245 | _aInfographics : the power of visual storytelling | ||
| 260 |
_aNew York _bJohn Wiley _c2012 |
||
| 300 |
_a263p. : _e22 cm |
||
| 650 | _aVisual communication | ||
| 942 | _cBK | ||
| 999 |
_c12856 _d12856 |
||